[Event "LiSB-ch Veterans"]
[Site "Stein"]
[Date "2000.12.03"]
[Round "5"]
[White "Jacobs, Wim"]
[Black "Van Vliet, Cors"]
[Result "1-0"]
[WhiteElo "1480"]
[BlackElo "1720"]
[PlyCount "133"]
[EventDate "2000.11.25"]
[EventType "swiss"]
[EventRounds "5"]
[EventCountry "NED"]
[SourceTitle "EXT 2013"]
[Source "ChessBase"]
[SourceDate "2012.11.22"]
[SourceVersion "1"]
[SourceVersionDate "2012.11.22"]
[SourceQuality "1"]

1. Nf3 c5 2. c4 Nc6 3. e3 d6 4. b3 Nf6 5. Bb2 e5 6. d3 Be7 7. Nbd2 0-0 8. Be2 Bf5 9. e4 Bg6 10. 0-0 h6 11. Re1 Nh7 12. Nf1 f5 13. exf5 Bxf5 14. Ng3 Qd7 15. Ne4 Nf6 16. Nc3 Bd8 17. a3 Ba5 18. Nd2 Nd4 19. Bf1 Bg4 20. f3 Bh5 21. Be2 Bg6 22. Rf1 Rae8 23. Nde4 Nh5 24. g3 Re7 25. Nd5 Ref7 26. Bxd4 exd4 27. b4 Bxe4 28. dxe4 Bb6 29. Nxb6 axb6 30. b5 Qh3 31. Rf2 Rf6 32. Bf1 Qe6 33. Qd3 Rg6 34. Bg2 Nf6 35. Qf1 Nd7 36. Bh3 Qe7 37. Bxd7 Qxd7 38. Rd1 Qe6 39. Qd3 Rgf6 40. Kg2 g5 41. Rdf1 Kg7 42. Qe2 Ra8 43. f4 Raf8 44. f5 Qe5 45. g4 Ra8 46. Qd3 Qe8 47. Rf3 Ra4 48. Rh3 Qf7 49. Rc1 Qe8 50. Re1 Qe5 51. Rf3 d5 52. cxd5 c4 53. Qc2 Ra5 54. Qxc4 h5 55. h3 d3 56. Qxd3 hxg4 57. hxg4 Rh6 58. Rh1 Qb2+ 59. Rf2 Qxa3 60. Qd4+ Rf6 61. Rh5 Qc1 62. Qe5 Ra8 63. Qe7+ Rf7 64. Rxg5+ Kh6 65. Rg6+ Kh7 66. Qxf7+ Kh8 67. Qg7# 1-0

[Event "LiSB-ch Veterans"]
[Site "Stein"]
[Date "2000.12.02"]
[Round "4"]
[White "Van Vliet, Cors"]
[Black "Meijerink, Harrie"]
[Result "1-0"]
[WhiteElo "1720"]
[BlackElo "1670"]
[PlyCount "127"]
[EventDate "2000.11.25"]
[EventType "swiss"]
[EventRounds "5"]
[EventCountry "NED"]
[SourceTitle "EXT 2013"]
[Source "ChessBase"]
[SourceDate "2012.11.22"]
[SourceVersion "1"]
[SourceVersionDate "2012.11.22"]
[SourceQuality "1"]

1. d4 Nf6 2. Bf4 e6 3. Nf3 c5 4. c3 Nc6 5. e3 b6 6. Be2 Bb7 7. 0-0 d5 8. h3 Bd6 9. Ne5 Qc7 10. Bb5 0-0 11. Bxc6 Bxc6 12. Nd2 Bb5 13. Re1 Rfe8 14. a4 Ba6 15. Bh2 Nd7 16. f4 Be7 17. Qh5 g6 18. Qg4 Nf6 19. Qf3 Rac8 20. g4 Bd6 21. Bg3 cxd4 22. exd4 Nd7 23. h4 f6 24. Nxd7 Qxd7 25. a5 b5 26. b4 Qc7 27. Re3 Re7 28. Rae1 Rce8 29. Kg2 Bb7 30. Qf1 e5 31. fxe5 fxe5 32. Nb3 Bc8 33. Qxb5 Bxg4 34. dxe5 Bxe5 35. Qxd5+ Be6 36. Qxe5 Bh3+ 37. Kxh3 Rxe5 38. Bxe5 Qc4 39. Nc5 h5 40. Bd4 Rxe3+ 41. Rxe3 Qf1+ 42. Kg3 Qg1+ 43. Kf4 Qg4+ 44. Ke5 Qxh4 45. Ne4 Qe7+ 46. Kd5 Qb7+ 47. Kc4 Qf7+ 48. Kc5 Qc7+ 49. Kb5 Qb7+ 50. Ka4 a6 51. Nc5 Qc6+ 52. Ka3 h4 53. Re6 Qg2 54. Be5 h3 55. Re8+ Kf7 56. Rh8 g5 57. Nxa6 Ke6 58. Bb8 g4 59. Nc5+ Kd5 60. a6 Kc4 61. Na4 Qc2 62. Rc8+ Kb5 63. c4+ Kxa6 64. Nc5+ 1-0

[Event "LiSB-ch Veterans"]
[Site "Stein"]
[Date "2000.11.26"]
[Round "2"]
[White "Simonis, Peter"]
[Black "Van Vliet, Cors"]
[Result "0-1"]
[WhiteElo "1876"]
[BlackElo "1720"]
[PlyCount "84"]
[EventDate "2000.11.25"]
[EventType "swiss"]
[EventRounds "5"]
[EventCountry "NED"]
[SourceTitle "EXT 2013"]
[Source "ChessBase"]
[SourceDate "2012.11.22"]
[SourceVersion "1"]
[SourceVersionDate "2012.11.22"]
[SourceQuality "1"]

1. e4 c5 2. Nf3 Nc6 3. d4 cxd4 4. Nxd4 d6 5. Nc3 e6 6. Bb5 Bd7 7. Bxc6 Bxc6 8. 0-0 Be7 9. Be3 Nf6 10. Nxc6 bxc6 11. Qf3 Qc7 12. Rfd1 0-0 13. Qg3 Rfd8 14. f4 Qb7 15. Rab1 d5 16. exd5 cxd5 17. Bd4 Rac8 18. Qf3 Bc5 19. Bxc5 Rxc5 20. g4 Rc4 21. g5 Qb6+ 22. Kh1 Ne4 23. Nxe4 Rxe4 24. c3 g6 25. h4 Rc8 26. Rf1 Rcc4 27. Qg3 Qc7 28. Kh2 Rxf4 29. Rxf4 Qxf4 30. Qxf4 Rxf4 31. Kg3 Re4 32. a4 Rxa4 33. b3 Ra3 34. Kf4 Kf8 35. Ke5 Ke7 36. c4 dxc4 37. bxc4 Ra5+ 38. Rb5 Rxb5+ 39. cxb5 Kd7 40. Kf6 Ke8 41. Ke5 Ke7 42. Kd4 Kd6 0-1